[Event "MTS Logistics 2017"]
[Site "Urla"]
[Date "2017.07.11"]
[Round "8.6"]
[White "Kesgin, Halit Kaan"]
[Black "Benidze, Davit"]
[Result "0-1"]
[WhiteElo "2207"]
[BlackElo "2515"]
[Annotator "TA"]
[PlyCount "58"]
[EventDate "2017.??.??"]
[EventType "schev"]
[EventCountry "TUR"]
[SourceTitle "playchess.com"]
[Source "ChessBase"]
[SourceQuality "1"]

{[%evp 9,58,59,74,66,82,73,93,82,72,73,88,35,37,37,49,17,15,0,0,0,0,-21,-28,-23,-27,-43,-35,-21,0,0,0,0,0,0,12,-60,-56,-70,-78,-162,-135,-604,-408,-1968,-1887,-4155,-3563,-29996,-29997,-29997,-29998]} 1. e4 {[%cal Be2e4,Be4e5][%mdl 32]} g6 2. d4 Bg7 3. Nf3 c6 4. Bd3 d5 5. e5 Nh6 6. O-O {B06: Modern Defence} O-O 7. Re1 Bf5 $146 ({Predecessor:} 7... f6 8. exf6 exf6 9. h3 Re8 10. Rxe8+ Qxe8 11. c4 dxc4 12. Bxc4+ Nf7 13. Nc3 Nd7 {1-0 (36) Plischki,S (2421)-Neuman,P (2516) Rakovnik 2013}) 8. Bxh6 {White is better.} Bxh6 9. Bxf5 gxf5 10. Qd3 (10. e6 $16) 10... e6 $14 11. Nbd2 Nd7 12. Nf1 Kh8 13. b3 c5 14. Rad1 Rc8 15. c4 dxc4 16. Qxc4 Nb6 {[%cal Bd7b6,Bb6d5,Bd5c3][%mdl 32]} 17. Qe2 Nd5 {And now ...Nc3 would win.} 18. Qb2 Rg8 19. Ng3 Qb6 {Hoping for ...c4.} 20. dxc5 $1 Rxc5 21. Nh5 Qc7 22. Nd4 ({White should try} 22. Nf6 $11) 22... Nc3 $36 {[%mdl 2048] Black has some pressure.} 23. Rd3 Rd8 {[%cal Bg8d8,Bd8d4,Bd4d3][%mdl 32]} 24. f4 (24. g3 $17) 24... Ne4 {Threatens to win with ...Qb6.} 25. Rh3 $2 {[%mdl 8192]} (25. g4 $17) 25... Qb6 26. Rxe4 (26. Nf6 $142 Rxd4 27. Rxh6 Nxf6 28. Qxd4) 26... fxe4 $19 27. Nf6 {[#]} Rxd4 $1 {[%mdl 512]} 28. Rxh6 {[#]} (28. Qxd4 Rc1+) 28... Rc1+ $1 {[%mdl 512]} 29. Kf2 (29. Qxc1 Rd1#) 29... Rd3+ {Precision: White = 33%, Black = 84%.} 0-1

[Event "MTS Logistics 2017"]
[Site "Urla"]
[Date "2017.07.11"]
[Round "8.7"]
[White "Maghalashvili, Davit"]
[Black "Evdokimov, Alexander A."]
[Result "1/2-1/2"]
[WhiteElo "2489"]
[BlackElo "2493"]
[Annotator "TA"]
[PlyCount "37"]
[EventDate "2017.??.??"]
[EventType "schev"]
[EventCountry "TUR"]
[SourceTitle "playchess.com"]
[Source "ChessBase"]
[SourceQuality "1"]

{[%evp 16,17,37,10]} 1. Nf3 Nf6 2. c4 g6 3. g3 Bg7 4. Bg2 O-O 5. O-O c5 6. Nc3 Nc6 7. d4 cxd4 8. Nxd4 Qa5 9. Nc2 {Predecessor:} d6 $146 10. Bd2 Qh5 11. e4 Ng4 12. h3 Nge5 13. Qxh5 gxh5 14. Ne3 Bxh3 15. f4 Bxg2 16. Kxg2 Ng4 17. Nf5 Bxc3 18. Bxc3 e6 19. Nxd6 {½-½ (43) Harikrishna,P (2740)-Cheparinov,I (2690) Kocaeli 2015} 1/2-1/2

[Event "MTS Logistics 2017"]
[Site "Urla"]
[Date "2017.07.11"]
[Round "8.8"]
[White "Firat, Burak"]
[Black "Bulmaga, Irina"]
[Result "1-0"]
[WhiteElo "2480"]
[BlackElo "2412"]
[Annotator "TA"]
[PlyCount "47"]
[EventDate "2017.??.??"]
[EventType "schev"]
[EventCountry "TUR"]
[SourceTitle "playchess.com"]
[Source "ChessBase"]
[SourceQuality "1"]

{[%evp 22,47,0,3,28,20,41,23,60,57,198,188,279,266,264,270,364,353,490,485,495,480,490,497,491,492,483,479]} 1. d4 Nf6 2. c4 e6 3. Nf3 d5 4. Nc3 Be7 5. Bg5 h6 6. Bh4 O-O 7. e3 b6 8. Be2 Bb7 9. Bxf6 Bxf6 10. cxd5 exd5 11. Qb3 Re8 12. O-O {LiveBook: 49 Games} a5 $146 {D58: Queen's Gambit Declined: Tartakower Defence} ({Predecessor:} 12... c6 13. Rfe1 Nd7 14. Rad1 g6 15. e4 Nf8 16. e5 Bg7 17. Bd3 Ne6 18. Bb1 Qe7 19. Qc2 Red8 20. h4 h5 21. Qd2 Re8 22. Ng5 Nxg5 23. hxg5 Qe6 {½-½ (55) Korobov,A (2713)-Meier,G (2623) Antalya 2013}) 13. Rfe1 c6 14. Rad1 b5 {White has an edge.} 15. e4 dxe4 {[#]} ({Black should play} 15... b4 $14) 16. Ne5 $1 $18 {[%mdl 512]} Qc7 (16... Qe7 $142) (16... Bxe5 17. dxe5) 17. Nxe4 Bxe5 18. dxe5 Rxe5 19. Qg3 $1 Qe7 {[#]} 20. Nf6+ $1 {[%mdl 512] White is clearly winning.} Qxf6 {[#]} 21. Qxe5 $1 {[%mdl 512]} Na6 (21... Qxe5 22. Rd8+) 22. Qxf6 gxf6 23. Rd7 Nc5 24. Re7 1-0

[Event "MTS Logistics 2017"]
[Site "Urla"]
[Date "2017.07.11"]
[Round "8.9"]
[White "Yilmazyerli, Mert"]
[Black "Koksal, Ege"]
[Result "1/2-1/2"]
[WhiteElo "2459"]
[BlackElo "2390"]
[Annotator "TA"]
[PlyCount "37"]
[EventDate "2017.??.??"]
[EventType "schev"]
[EventCountry "TUR"]
[SourceTitle "playchess.com"]
[Source "ChessBase"]
[SourceQuality "1"]

{[%evp 28,37,61,61,79,76,78,66,75,0,0,0]} 1. Nf3 Nf6 2. g3 g6 3. b3 Bg7 4. Bb2 c5 5. c4 d6 6. Bg2 O-O 7. d4 Ne4 8. O-O Nc6 9. Nbd2 Bf5 10. Nh4 Nxd2 11. Qxd2 cxd4 {E60: King's Indian: Unusual lines and Fianchetto Variation without Nc3} (11... Nxd4 12. Bxd4 Bxd4 13. Nxf5 gxf5 14. Rad1 Qd7 15. Bh3 e6 16. e3 Be5 17. f4 Bf6 18. Qxd6 Qxd6 19. Rxd6 Rfd8 20. Rfd1 Rxd6 21. Rxd6 Rd8 22. Rxd8+ Bxd8 {½-½ (22) Fridman,D (2596)-Saric,I (2652) Tallinn 2016}) 12. Nxf5 gxf5 13. Bxc6 bxc6 14. Bxd4 Bxd4 15. Qxd4 {LiveBook: 3 Games} Qd7 16. Rad1 a5 $146 ({Predecessor:} 16... Qe6 17. Rfe1 f6 18. e4 fxe4 19. Rxe4 {½-½ (58) Chernikov,O (2405)-Raudive,A (2265) Decin 1998}) 17. Rfe1 f6 18. f4 ({Better is} 18. e4 $16) 18... Qa7 $11 19. e3 1/2-1/2

[Event "MTS Logistics 2017"]
[Site "Urla"]
[Date "2017.07.11"]
[Round "8.10"]
[White "Drasko, Milan"]
[Black "Ozen, Deniz"]
[Result "1/2-1/2"]
[WhiteElo "2451"]
[BlackElo "2351"]
[Annotator "TA"]
[PlyCount "34"]
[EventDate "2017.??.??"]
[EventType "schev"]
[EventCountry "TUR"]
[SourceTitle "playchess.com"]
[Source "ChessBase"]
[SourceQuality "1"]

{[%evp 19,20,13,31]} 1. Nf3 Nf6 2. g3 d5 3. Bg2 c6 4. O-O Bg4 5. d3 Nbd7 6. Qe1 e5 7. e4 dxe4 8. dxe4 Bc5 9. Nbd2 O-O 10. h3 {A07: Réti Opening: New York and Capablanca Systems} Bxf3 {LiveBook: 11 Games} (10... Bh5 11. Nh4 Re8 12. Nb3 Bf8 13. Be3 Qc7 14. a4 c5 15. Nd2 c4 16. Nb1 Rac8 17. Nc3 Bb4 18. f3 Qa5 {½-½ (37) Andreikin,D (2723)-Aleksandrov,A (2559) Minsk 2017}) {Predecessor:} 11. Bxf3 $146 a5 12. a4 Qc7 13. Qe2 Rfb8 14. Nc4 b5 15. Ne3 Bf8 16. Rd1 Nc5 17. axb5 cxb5 {0-1 (37) Moranda,W (2588)-Miton,K (2606) Poland 2015} 1/2-1/2

[Event "MTS Logistics 2017"]
[Site "Urla"]
[Date "2017.07.12"]
[Round "9.1"]
[White "Gokerkan, Cem Kaan"]
[Black "Guseynov, Alihan"]
[Result "1/2-1/2"]
[WhiteElo "2321"]
[BlackElo "2352"]
[Annotator "TA"]
[PlyCount "43"]
[EventDate "2017.??.??"]
[EventType "schev"]
[EventCountry "TUR"]
[SourceTitle "playchess.com"]
[Source "ChessBase"]
[SourceQuality "1"]

{[%evp 12,43,25,0,5,0,28,29,34,24,29,-17,-29,-50,-57,-64,-57,-176,-27,-36,-33,-45,-53,-177,-165,-162,-132,-154,-126,-127,-136,-125,-131,-116]} 1. e4 c5 2. Nf3 Nc6 3. Nc3 e5 4. Bc4 Be7 5. d3 d6 6. h3 Nf6 7. Be3 {LiveBook: 3 Games. B30: Sicilian: 2...Nc6 3 Bb5, lines without ...g6} (7. O-O O-O 8. a3 a6 9. Ba2 Be6 10. Nd5 Nd4 11. Ne3 Nd7 12. c3 Nxf3+ 13. Qxf3 Bxa2 14. Rxa2 Bg5 15. Ra1 Nf6 16. a4 {1-0 (44) Efimenko,Z (2702)-Sebenik,M (2518) Porto Carras 2011}) 7... Be6 8. Ng5 $146 ({Predecessor:} 8. Nd5 Bxd5 9. exd5 b5 10. Bxb5 Qa5+ 11. Qd2 Qxb5 12. c4 Qa6 13. dxc6 Qxc6 14. b4 cxb4 15. Qxb4 {½-½ (25) Santopietro,G (2006)-Tapie Amione,P (2240) Mar del Plata 2012}) 8... Bxc4 9. dxc4 {White has an edge.} Nd4 10. Qd3 O-O 11. h4 a6 {[%cal Ba7a6,Ba6a5,Ba5a4][%mdl 32]} 12. Nd5 b5 13. Nxf6+ Bxf6 14. O-O-O {[#]} (14. cxb5 $15 axb5 15. Bxd4 cxd4 16. Nf3) 14... b4 (14... Qa5 $1 $19 15. Kb1 Qa4) 15. Rdg1 a5 16. g4 {[%cal Bg2g4,Bg4g5,Bg5g6][%mdl 32]} a4 17. Nxh7 ({White should play} 17. Bxd4 $15 cxd4 18. Nf3) 17... Kxh7 $19 18. g5 Be7 {And now ...Kg8 would win.} 19. h5 Rh8 20. g6+ {[#]} Kg8 $1 21. h6 {aiming for gxf7+.} Bf6 22. c3 {Precision: White = 32%, Black = 62%.} 1/2-1/2

[Event "MTS Logistics 2017"]
[Site "Urla"]
[Date "2017.07.12"]
[Round "9.2"]
[White "Ozen, Bahadir"]
[Black "Agdelen, Huseyin Can"]
[Result "1/2-1/2"]
[WhiteElo "2315"]
[BlackElo "2309"]
[Annotator "TA"]
[PlyCount "32"]
[EventDate "2017.??.??"]
[EventType "schev"]
[EventCountry "TUR"]
[SourceTitle "playchess.com"]
[Source "ChessBase"]
[SourceQuality "1"]

{[%evp 31,32,0,27]} 1. g3 g6 2. Bg2 Bg7 3. d4 Nf6 4. Nf3 d5 5. c4 O-O 6. O-O c5 7. cxd5 cxd4 8. Nxd4 Nxd5 9. Nb5 $146 Be6 10. Nd4 Bc8 11. Nb5 Be6 12. Nd4 Bc8 13. Nb5 Be6 14. Nd4 Bc8 15. Nb5 Be6 16. Nd4 Bc8 {LiveBook: 291 Games} 1/2-1/2

[Event "MTS Logistics 2017"]
[Site "Urla"]
[Date "2017.07.12"]
[Round "9.3"]
[White "Esen, Baris"]
[Black "Tuncer, Tuna"]
[Result "1/2-1/2"]
[WhiteElo "2528"]
[BlackElo "2274"]
[Annotator "TA"]
[PlyCount "43"]
[EventDate "2017.??.??"]
[EventType "schev"]
[EventCountry "TUR"]
[SourceTitle "playchess.com"]
[Source "ChessBase"]
[SourceQuality "1"]

{[%evp 16,43,6,0,18,-11,8,10,5,0,0,9,30,7,16,9,11,14,16,10,18,8,8,8,15,11,26,8,18,2]} 1. d4 d5 2. c4 c6 3. Nf3 e6 4. Nbd2 Nf6 5. Qc2 Nbd7 6. e4 {D30: Queen's Gambit Declined: Systems without Nc3} (6. g3 Be7 7. Bg2 O-O 8. O-O b6 9. e4 Bb7 10. e5 Ne8 11. cxd5 cxd5 12. Re1 Rc8 13. Qa4 Nc7 14. Bf1 Qe8 15. Kg2 Nb8 16. Qxa7 Ba8 17. Qxb6 Nc6 18. Qb3 f6 19. Qe3 Qf7 20. exf6 Bxf6 {0-1 (43) Donchenko,A (2554)-Giri,A (2771) Reykjavik 2017}) 6... dxe4 7. Nxe4 Nxe4 8. Qxe4 Nf6 9. Qc2 {LiveBook: 3 Games} c5 10. Bf4 $146 ({Predecessor:} 10. Be3 cxd4 11. O-O-O Qa5 12. Nxd4 a6 13. Kb1 Be7 {1-0 (24) Kalashian,D (2408)-Ayyad,M (2174) Poti 2012}) 10... Qa5+ 11. Bd2 Qb6 12. Bc3 cxd4 13. Nxd4 Bd7 14. Be2 Bb4 15. O-O Bxc3 16. Qxc3 O-O 17. Bf3 Rac8 18. b3 Rfd8 19. Qe3 Be8 20. Rfd1 a6 21. h3 (21. Nf5 $5 Qxe3 22. Nxe3 $11) 21... Rc7 22. Nc2 {Precision: White = 45%, Black = 50%.} 1/2-1/2

[Event "MTS Logistics 2017"]
[Site "Urla"]
[Date "2017.07.12"]
[Round "9.4"]
[White "Nevednichy, Vladislav"]
[Black "Kesgin, Halit Kaan"]
[Result "1-0"]
[WhiteElo "2524"]
[BlackElo "2207"]
[Annotator "TA"]
[PlyCount "101"]
[EventDate "2017.??.??"]
[EventType "schev"]
[EventCountry "TUR"]
[SourceTitle "playchess.com"]
[Source "ChessBase"]
[SourceQuality "1"]

{[%evp 17,101,20,29,29,31,36,33,12,18,4,8,0,14,0,36,10,35,42,99,82,93,91,104,108,122,125,137,48,110,106,104,90,233,227,211,191,207,201,291,289,497,501,514,74,74,59,56,57,62,0,20,0,0,0,0,0,0,0,0,0,0,0,0,0,0,0,0,0,0,0,0,0,0,0,0,5,6,6,6,6,8,0,0,0,831,755]} 1. e4 e6 2. d4 d5 3. Nd2 c5 4. Ngf3 cxd4 5. Nxd4 Nc6 6. Bb5 Bd7 7. Nxc6 Bxc6 8. Bxc6+ bxc6 9. c4 Bc5 10. Qa4 {C07: French Tarrasch: 3...c5, 4 Ngf3 and 4 exd5 Qxd5} Qd7 (10... Ne7 11. exd5 exd5 12. Nb3 Bb6 13. c5 Bc7 14. O-O O-O 15. Re1 Qd7 16. Bd2 Ng6 17. Nd4 Be5 18. Qxc6 Qxc6 19. Nxc6 Bxb2 {0-1 (57) Jones,G (2665)-Nguyen,N (2634) Tromsoe 2014}) 11. O-O Ne7 12. b4 $146 {White is slightly better.} (12. Nb3 $5 {[%cal Rb3c5]} Bd6 13. Be3 $11) ({Predecessor:} 12. Re1 O-O 13. Nb3 Bb6 14. exd5 exd5 15. c5 Bc7 16. Bf4 Bxf4 17. Qxf4 Ng6 {1-0 (29) Todorovic,G (2461)-Sedlak,N (2549) Kragujevac 2015}) 12... Bb6 13. Bb2 O-O 14. Rad1 Qb7 15. Qc2 Rac8 16. Nf3 Ng6 17. h4 {[%cal Bh2h4,Bh4h5][%mdl 32]} f5 ({Black should play} 17... h6 $14) 18. exd5 $16 cxd5 19. c5 {Strongly threatening Qe2.} Bd8 20. h5 Nf4 {[#]} 21. Rfe1 $1 Bf6 22. Bc1 ({Better is} 22. h6 $16) 22... Nxh5 (22... Qxb4 $14 23. a3 Qb8) 23. Rxe6 Qxb4 24. Rxd5 Nf4 (24... Qc3 $16 25. Qxc3 (25. Qxf5 $2 g6 $19) 25... Bxc3) 25. Bxf4 $1 $18 Qxf4 26. Rxf5 Qb4 27. c6 Kh8 (27... Qc3 $142 28. Rc5 Qxc2 29. Rxc2 Rc7) 28. c7 Rxc7 $2 (28... h6 {was worth a try.} 29. Rc5 Kg8) 29. Qxc7 Qb1+ {[#]} 30. Re1 $2 (30. Ne1 $1 $18) 30... Qxf5 $16 31. Qf7 {[%cal Rf7f8]} Qc8 $1 32. Qxa7 h6 33. a4 {Black should prevent a5.} Qc6 $1 34. a5 Ra8 35. Qb6 Qa4 36. Rc1 Rxa5 37. Nh4 {Rc8+ would kill now.} Qb5 ({Stronger than} 37... Bxh4 38. Rc8+ Bd8 39. Qxd8+ Qe8 40. Qxe8+ Kh7 41. Qe4+ Rf5 42. Qxf5+ g6 43. Qf7#) 38. Ng6+ Kh7 39. Nf8+ Kh8 40. Qe6 Qg5 41. Ng6+ Kh7 42. Nf8+ Kh8 43. Re1 $40 {[%mdl 128] White has some attack.} (43. Ng6+ $5 Kh7 44. Nf8+ Kh8 $11) 43... Ra1 44. Rxa1 Bxa1 45. Ng6+ (45. Qe4 $5 {[%cal Re4h7]} Kg8 46. Ng6 Qc1+ 47. Kh2 $14) 45... Kh7 46. Ne7 {[%csl Ge7][%cal Re6g8]} Qc1+ 47. Kh2 {[%csl Ge7][%cal Re6g8]} Qc7+ 48. g3 {[%csl Ge7][%cal Re6g8]} Qd8 49. f4 Bf6 50. Nd5 Bd4 $2 {[%mdl 8192]} (50... Bb2 $11) 51. Qe4+ {Precision: White = 66%, Black = 50%.} 1-0

[Event "MTS Logistics 2017"]
[Site "Urla"]
[Date "2017.07.12"]
[Round "9.5"]
[White "Benidze, Davit"]
[Black "Maghalashvili, Davit"]
[Result "1/2-1/2"]
[WhiteElo "2515"]
[BlackElo "2489"]
[Annotator "TA"]
[PlyCount "35"]
[EventDate "2017.??.??"]
[EventType "schev"]
[EventCountry "TUR"]
[SourceTitle "playchess.com"]
[Source "ChessBase"]
[SourceQuality "1"]

{[%evp 15,16,44,31]} 1. e4 e6 2. d4 d5 3. Nd2 dxe4 4. Nxe4 Nd7 5. Nf3 Ngf6 6. Bd3 Nxe4 {C10: French with 3 Nc3: Unusual Black 3rd moves and 3...dxe4} 7. Bxe4 Nf6 8. Bd3 c5 {LiveBook: 634 Games} {Predecessor:} 9. Be3 $146 Qc7 10. Qe2 a6 11. O-O b6 12. c3 Bb7 13. Bc2 Bd6 14. Ba4+ b5 15. dxc5 Bxc5 16. Bc2 Ng4 17. g3 Nxe3 18. fxe3 {1-0 (39) Karjakin,S (2783)-Meier,G (2630) chess.com INT 2017} 1/2-1/2

[Event "MTS Logistics 2017"]
[Site "Urla"]
[Date "2017.07.12"]
[Round "9.7"]
[White "Bulmaga, Irina"]
[Black "Yilmazyerli, Mert"]
[Result "0-1"]
[WhiteElo "2412"]
[BlackElo "2459"]
[Annotator "TA"]
[PlyCount "86"]
[EventDate "2017.??.??"]
[EventType "schev"]
[EventCountry "TUR"]
[SourceTitle "playchess.com"]
[Source "ChessBase"]
[SourceQuality "1"]

{[%evp 11,86,87,105,57,62,45,64,62,62,59,71,75,79,5,0,0,-12,-16,46,-24,81,38,103,-52,-46,-46,-44,-92,-97,-75,-14,-77,-107,-82,0,0,0,-82,0,0,43,18,38,16,102,116,92,-157,-149,-193,-184,-333,-312,-279,-305,-301,-114,-132,-136,-597,-592,-740,-574,-887,-857,-1285,-882,-1200,-1045,-1043,-1040,-970,-977,-1132,-1185,-1248,-1229]} 1. e4 e5 2. Nf3 Qe7 3. Bc4 h6 4. O-O d6 5. d4 Nf6 6. Re1 {C40: Latvian and Elephant Gambits} (6. h3 c6 7. Re1 Nbd7 8. a4 a5 9. b3 g6 10. Ba3 Qd8 11. Nbd2 Be7 {1-0 (26) Rizouk,A (2527)-Gonzalez Rodriguez,J (2398) Catalunya 2014}) 6... Bg4 {LiveBook: 5 Games} 7. dxe5 dxe5 8. b3 {White is slightly better.} c6 9. Bb2 Nbd7 10. a4 $146 ({Predecessor:} 10. Nbd2 Rd8 11. Qe2 b5 {½-½ (52) Senders,M (1746)-Marinc,D (2049) Maastricht 2011}) 10... O-O-O 11. Nbd2 g5 12. Qc1 (12. Ba3 $16 Qe8 13. Qc1) 12... Nh5 $11 13. Bc3 Nf4 14. b4 Qf6 (14... f6 $11) 15. Qb2 ({Better is} 15. Re3 $14) 15... Bd6 (15... Bxf3 $1 $11 16. Nxf3 g4) 16. Re3 h5 (16... Rhe8 $14) 17. a5 $2 ({White has to play} 17. b5 $1 $16 {[%cal Rb5c6]} c5 18. Bd5) 17... Bxf3 18. Nxf3 (18. Rxf3 g4 $14) 18... g4 19. Nd2 h4 20. Bf1 g3 ({Black should play} 20... a6 $1 $17 21. Nc4 Bb8) 21. fxg3 (21. Rf3 $1 $11 Qh6 22. fxg3 hxg3 23. h3 (23. hxg3 Ne6 $17)) 21... hxg3 $17 22. hxg3 Nh5 (22... Ne6 $17 23. Nc4 Nd4) 23. Nc4 $1 $36 {[%mdl 2048] White is more active.} Bb8 {aiming for ...a6.} 24. Rd1 (24. b5 $1 $11) 24... Qg5 (24... a6 $17 {Hoping for ...Ba7.} 25. Rxd7 Rxd7 26. Bxe5 (26. Nb6+ Kd8 $17) 26... Bxe5 27. Qxe5 Qxe5 28. Nxe5 Re7) 25. b5 {[%cal Bb4b5,Bb5b6][%mdl 32]} c5 26. Rdd3 Nhf6 27. Be2 ({Wrong is} 27. b6 $2 Ng4 $19) 27... Rdg8 (27... Qh6 $1 $11 {keeps the balance.}) 28. b6 $16 a6 29. Bd2 $2 {[#]} (29. Nd2 $16 {and life is bright.}) 29... Qh6 $1 $17 {White must now prevent ...Rxg3!} 30. Kf2 {[#]} Rxg3 $1 ({Don't do} 30... Qg6 31. Qb3 $17) 31. Rxg3 (31. Bf3 $142) 31... Nxe4+ $19 32. Ke1 Qh1+ 33. Bf1 Qh4 $2 (33... Nxg3 $19 {and Black stays clearly on top.} 34. Rxg3 Qh4) 34. Qa3 {With the idea Qa4.} Nxg3 35. Rxg3 $4 {[%mdl 8192]} (35. Bg5 $17 {nothing else works.} Qxg5 36. Rxg3) 35... e4 {Black is clearly winning.} 36. Be3 {Bf2 is the strong threat.} Qxg3+ 37. Kd2 Rh1 38. Qc3 Bf4 {( -> ...Qf2+)} 39. Bxf4 Qxf4+ 40. Ne3 Qf2+ 41. Kc1 Rxf1+ 42. Kb2 Rh1 43. Ka2 Qf6 {Precision: White = 29%, Black = 46%.} 0-1

[Event "MTS Logistics 2017"]
[Site "Urla"]
[Date "2017.07.12"]
[Round "9.9"]
[White "Ozen, Deniz"]
[Black "Bagaturov, Giorgi"]
[Result "1-0"]
[WhiteElo "2351"]
[BlackElo "2412"]
[Annotator "TA"]
[PlyCount "113"]
[EventDate "2017.??.??"]
[EventType "schev"]
[EventCountry "TUR"]
[SourceTitle "playchess.com"]
[Source "ChessBase"]
[SourceQuality "1"]

{[%evp 13,113,20,35,0,0,-10,0,-38,54,54,65,51,66,10,25,0,0,0,0,0,0,0,0,0,0,0,0,-4,0,0,5,0,0,-51,-54,-60,-50,-48,-56,-46,-16,-16,-17,-30,-18,-37,0,0,0,0,0,0,0,0,27,19,266,243,276,276,301,262,229,101,330,15,30,31,33,15,15,15,15,15,155,158,346,398,729,659,2239,2207,2133,2029,1914,1799,5206,4860,29962,29963,29965,29966,29963,29966,29972,29972,29974,29975,29975,29976,29976,29976]} 1. e4 c5 2. Nf3 e6 3. c3 Nf6 4. Bd3 b6 5. O-O Bb7 6. Re1 {B40: Sicilian: 2...e6, Unusual lines} Nc6 (6... Be7 7. Bc2 Nc6 8. d3 O-O 9. Nbd2 Rc8 10. Nf1 d6 11. Ng3 {½-½ (91) Paravyan,D (2528)-Kamsky,G (2637) Sochi 2016}) 7. Bc2 Qc7 {LiveBook: 4 Games} 8. a3 {White is slightly better.} c4 9. d4 $146 ({Predecessor:} 9. h3 Ne5 10. Nxe5 Qxe5 11. d4 cxd3 12. Bxd3 Nxe4 13. Bxe4 Bxe4 {0-1 (21) Emodi,B (2400)-Sax,G (2525) Hungary 1999}) 9... cxd3 $1 10. Qxd3 Bd6 (10... Ng4 $1 $15) 11. h3 $14 Nh5 12. Rd1 Bf4 13. Nbd2 ({Better is} 13. Bxf4 $14 Nxf4 14. Qe3) 13... Rd8 $11 14. Nc4 d5 15. exd5 Rxd5 16. Bxf4 Nxf4 17. Qe3 O-O 18. Rxd5 (18. Qe4 g6 $15) 18... Nxd5 19. Qe4 {[%csl Gc2][%cal Re4h7]} Nf6 20. Qh4 Ne7 21. Nce5 Nf5 22. Bxf5 exf5 23. Qc4 (23. Qa4 $11) 23... Qxc4 $15 24. Nxc4 Bxf3 $1 25. gxf3 {[%mdl 4096] Endgame KRN-KRN} Rd8 26. a4 Kf8 27. a5 b5 28. Na3 Rd5 29. Nc2 Ke8 30. Nb4 Rd2 31. Re1+ Kd7 32. Re5 Rxb2 33. Rxb5 Ke6 34. a6 Nh5 $2 (34... Rd2 $11 {and Black has nothing to worry.}) 35. Rb7 $18 Nf4 36. Rxa7 {aiming for Ra8.} Nxh3+ 37. Kh2 Nxf2 {[#]} 38. Rb7 (38. Re7+ $1 $18 {[%mdl 512]} Kxe7 39. a7 Nd3+ 40. Kg3 Nxb4 41. a8=Q) 38... Ne4+ $2 (38... Nd3+ $16 39. Kg1 Nxb4) 39. Kg1 $2 (39. Kh3 $18 Nd2 40. Nd3 (40. a7 Nf1 $11)) 39... Nd6 ({Wrong is} 39... Nxc3 $2 40. a7 $18) 40. Rb6 {Threatens to win with a7.} Rb1+ 41. Kg2 {[%mdl 1024] a7 is the strong threat. White has compensation.} (41. Kf2 $5 {[%cal Ra6a7]} Ra1 42. c4 $14) 41... Ra1 42. c4 Kd7 43. c5 Nc8 (43... Ne8 $1 $11 {keeps the balance.}) 44. Rb7+ $16 Ke8 $2 (44... Ke6 $16 {is a better defense.}) 45. c6 $18 ({Less strong is} 45. Rb8 Kd7 $14) 45... g5 $2 {[#]} (45... Ra5 46. Rc7 Nb6) 46. Nd5 $1 Ra5 47. Nf6+ Kf8 48. Rb8 Ke7 49. Rxc8 Kxf6 {KR-KR} 50. c7 Rxa6 51. Rb8 {White mates.} Rc6 52. c8=Q Rxc8 53. Rxc8 Kg7 54. Kg3 h5 55. f4 f6 56. Rc5 Kg6 57. Ra5 {Precision: White = 58%, Black = 28%.} 1-0

[Event "MTS Logistics 2017"]
[Site "Urla"]
[Date "2017.07.12"]
[Round "9.10"]
[White "Dedebas, Emre Emin"]
[Black "Arat, Ufuk Sezen"]
[Result "0-1"]
[WhiteElo "2322"]
[BlackElo "2400"]
[Annotator "TA"]
[PlyCount "70"]
[EventDate "2017.??.??"]
[EventType "schev"]
[EventCountry "TUR"]
[SourceTitle "playchess.com"]
[Source "ChessBase"]
[SourceQuality "1"]

{[%evp 12,70,35,34,41,50,41,25,25,25,25,25,31,34,39,39,28,-6,0,0,0,-1,0,-21,-16,-14,0,-28,0,-2,0,-12,0,0,29,29,38,31,29,35,24,-14,0,-16,-22,-33,-5,-20,-7,-2,0,-66,-75,-250,-250,-583,-574,-781,-770,-759,-754]} 1. d4 e6 {[%cal Be7e6,Be6e5][%mdl 32]} 2. c4 Bb4+ 3. Bd2 a5 4. g3 Nf6 5. Bg2 d6 6. e3 e5 7. Ne2 {LiveBook: 8 Games. E00: Catalan Bogo-Indian (3 g3 Bb4+)} c6 (7... O-O 8. Nbc3 c6 9. O-O Qe7 10. a3 Bxc3 11. Nxc3 e4 12. f3 exf3 13. Qxf3 Be6 14. Qe2 d5 {1-0 (34) Korobov,A (2680)-Riazantsev,A (2692) Dubai 2014}) 8. O-O Bxd2 $146 ({Predecessor:} 8... e4 9. d5 O-O 10. Nbc3 Re8 11. a3 Bxc3 12. Bxc3 c5 13. h3 Nbd7 14. g4 h5 {½-½ (22) Loiseau,Q (2374)-Lagarde,M (2529) Cappelle-la-Grande 2013}) 9. Nxd2 {White is slightly better.} O-O 10. Qc2 Re8 11. Nc3 Be6 12. d5 cxd5 13. cxd5 Bd7 14. Nde4 (14. a4 {looks sharper.} Na6 15. Nc4 Qc7 16. b3 Rac8 17. Rfc1) 14... Nxe4 15. Nxe4 Bf5 16. Qe2 Na6 17. Nc3 Nc5 {Strongly threatening ...Bd3.} 18. Rfd1 Rb8 19. Rac1 g6 20. Nb5 Qb6 21. Na3 Qd8 22. Nb5 h5 23. e4 Bg4 24. f3 Bc8 $1 25. Qe3 {Nxd6! is the strong threat.} b6 26. h4 Qd7 27. Bf1 Ba6 28. a4 Rec8 29. b3 Bxb5 30. Bxb5 Qh3 $36 {[%mdl 2048] Black is more active.} 31. Qg5 (31. f4 $1 $11) 31... Nxb3 $15 32. Rxc8+ $2 {[#]} (32. Bf1 $17 {keeps fighting.} Qd7 33. Bb5) 32... Rxc8 $19 ({Resist} 32... Qxc8 33. Qe3) 33. Bc6 $2 (33. Bf1 {nothing else works.} Qd7 34. Bb5) 33... Nd4 {Black is clearly winning.} 34. Rd3 Ne2+ 35. Kf2 Qh2+ {Precision: White = 59%, Black = 59%.} 0-1